[Event "SCO-ch 124th"]
[Site "Dundee"]
[Date "2017.07.17"]
[Round "3"]
[White "Irving, Neil"]
[Black "Zamvar, Vipin"]
[Result "1-0"]
[WhiteElo "1889"]
[BlackElo "1651"]
[PlyCount "113"]
[EventDate "2017.07.15"]
[EventType "swiss"]
[EventRounds "9"]
[EventCountry "SCO"]
[SourceTitle "CBM 179 Extra"]
[Source "ChessBase"]
[SourceDate "2017.08.23"]
[SourceVersion "1"]
[SourceVersionDate "2017.08.23"]
[SourceQuality "1"]

1. Nf3 d5 2. d4 Nf6 3. c4 c6 4. Qb3 e6 5. g3 Be7 6. Bg2 dxc4 7. Qxc4 Nbd7 8. 0-0 0-0 9. Nc3 Nb6 10. Qd3 Nfd5 11. Rd1 Bd7 12. e4 Nb4 13. Qe2 Rc8 14. a3 Na6 15. b4 Bf6 16. Bb2 Nc7 17. a4 a6 18. a5 Nba8 19. Na4 Be7 20. Qd2 Nb5 21. Nc5 Qc7 22. Rac1 f6 23. Bh3 Bxc5 24. dxc5 Rcd8 25. e5 f5 26. Qe2 Bc8 27. Rc2 Rxd1+ 28. Qxd1 Rd8 29. Rd2 Rd5 30. Bf1 Qe7 31. Bc4 Rxd2 32. Qxd2 Nac7 33. Ne1 Nd5 34. Ng2 Nbc7 35. h4 Bd7 36. Bc3 Nxc3 37. Qxc3 Be8 38. Qd2 Qd7 39. Qd6 Qxd6 40. cxd6 Nd5 41. Bxd5 cxd5 42. Nf4 Kf7 43. Nd3 Bc6 44. Nc5 h6 45. f4 h5 46. Kf2 g6 47. Ke3 Ke8 48. Nxe6 Kf7 49. Nd8+ Ke8 50. Nxc6 bxc6 51. e6 Kd8 52. Kd4 Ke8 53. Kc5 Kd8 54. Kxc6 d4 55. e7+ Ke8 56. Kc7 d3 57. d7+ 1-0

[Event "Dundee & Angus op"]
[Site "Dundee"]
[Date "2016.10.09"]
[Round "4"]
[White "Orr, Mark JL"]
[Black "Irving, Neil"]
[Result "1/2-1/2"]
[WhiteElo "2110"]
[BlackElo "1845"]
[PlyCount "69"]
[EventDate "2016.10.07"]
[EventType "swiss"]
[EventRounds "5"]
[EventCountry "SCO"]
[SourceTitle "EXT 2023"]
[Source "ChessBase"]
[SourceDate "2022.10.05"]
[SourceVersion "1"]
[SourceVersionDate "2022.10.05"]
[SourceQuality "1"]

1. c4 c5 2. Nf3 g6 3. d4 cxd4 4. Nxd4 Bg7 5. e4 Nc6 6. Be3 d6 7. Nc3 Nf6 8. Be2 0-0 9. 0-0 Nxd4 10. Bxd4 Bd7 11. f3 a6 12. Rb1 b5 13. cxb5 axb5 14. a3 Rb8 15. Na2 Rb7 16. Nb4 Be6 17. Qd2 Qd7 18. Rbc1 Rc8 19. Rxc8+ Qxc8 20. Rc1 Qa8 21. g4 Nd7 22. Bxg7 Kxg7 23. Qc3+ f6 24. g5 Kf7 25. gxf6 Nxf6 26. Qe3 Kg7 27. Bd3 Bd7 28. e5 dxe5 29. Qxe5 Bh3 30. Bf1 Bxf1 31. Kxf1 Qd8 32. Re1 Qd7 33. Kg2 Rc7 34. Re2 Kf7 35. b3 1/2-1/2

[Event "SCO-ch 122nd"]
[Site "Edinburgh"]
[Date "2015.07.14"]
[Round "4"]
[White "Irving, Neil"]
[Black "Orr, Mark JL"]
[Result "1/2-1/2"]
[WhiteElo "1801"]
[BlackElo "2260"]
[PlyCount "105"]
[EventDate "2015.07.11"]
[EventType "swiss"]
[EventRounds "9"]
[EventCountry "SCO"]
[SourceTitle "CBM 167 Extra"]
[Source "ChessBase"]
[SourceDate "2015.09.14"]
[SourceVersion "1"]
[SourceVersionDate "2015.09.14"]
[SourceQuality "1"]

1. Nf3 Nf6 2. c4 e6 3. g3 d5 4. Bg2 Be7 5. 0-0 0-0 6. d4 c6 7. Qc2 b6 8. Nbd2 Bb7 9. e4 Nbd7 10. b3 Rc8 11. Bb2 c5 12. exd5 exd5 13. dxc5 Bxc5 14. Nd4 Re8 15. Rae1 Bf8 16. Qb1 Nc5 17. Rxe8 Nxe8 18. Rd1 dxc4 19. Bxb7 Nxb7 20. Nxc4 Qc7 21. Nb5 Qc5 22. Nxa7 Ra8 23. Ba3 Qh5 24. Bxf8 Kxf8 25. Nc6 Rxa2 26. Nxb6 Qe2 27. Nd7+ Kg8 28. Rf1 Ned6 29. Qe1 g6 30. Ne7+ Kg7 31. Qc3+ Kh6 32. Ng8+ Kg5 33. h4+ Kf5 34. Nh6+ Ke6 35. Re1 Qxe1+ 36. Qxe1+ Kxd7 37. Qd1 f5 38. Nf7 Ke7 39. Nxd6 Nxd6 40. Qd4 Ne4 41. Qg7+ Ke6 42. Qxh7 Nxf2 43. Qxg6+ Ke5 44. Qg7+ Ke4 45. h5 Rc2 46. Kf1 Ng4 47. Ke1 Ne3 48. Qb7+ Kd3 49. Qb5+ Ke4 50. Qb4+ Kd3 51. Qb5+ Ke4 52. Qb4+ Kd3 53. Qb5+ 1/2-1/2

[Event "Commonwealth-ch"]
[Site "Glasgow"]
[Date "2014.07.01"]
[Round "2"]
[White "Gomes, Mary Ann"]
[Black "Irving, Neil"]
[Result "1-0"]
[WhiteElo "2359"]
[BlackElo "1818"]
[PlyCount "41"]
[EventDate "2014.06.30"]
[EventType "swiss"]
[EventRounds "9"]
[EventCountry "SCO"]
[SourceTitle "CBM 161 Extra"]
[Source "ChessBase"]
[SourceDate "2014.08.29"]
[SourceVersion "1"]
[SourceVersionDate "2014.08.29"]
[SourceQuality "1"]

1. Nf3 d5 2. g3 Nf6 3. Bg2 c6 4. d3 Bg4 5. Nbd2 Nbd7 6. 0-0 e5 7. e4 Bd6 8. Qe1 0-0 9. h3 Bh5 10. Nh4 Qc7 11. Nf5 Bg6 12. Nxd6 Qxd6 13. Qe2 Ne8 14. Nf3 f6 15. Nh4 Bf7 16. Nf5 Qe6 17. Bf3 Nd6 18. g4 Rfd8 19. exd5 cxd5 20. Bxd5 Qxd5 21. Ne7+ 1-0